| 000 | 00850cam a22002653a 4500 | ||
|---|---|---|---|
| 001 | 24105 | ||
| 003 | PGUSA | ||
| 005 | 20140828083521.0 | ||
| 008 | 080101s2008||||xxu|||||s|||||000 1 eng d | ||
| 040 |
_aPGUSA _beng |
||
| 042 | _adc | ||
| 050 | 4 | _aPZ | |
| 100 | 1 |
_aHolt, Emily Sarah, _d1836-1893 |
|
| 245 | 1 | 0 |
_aFor the Master's Sake : _bA Story of the Days of Queen Mary _h[electronic resource] / _cEmily Sarah Holt |
| 260 |
_bProject Gutenberg, _c2008 |
||
| 506 | _aPublic domain in the USA. | ||
| 516 | _aElectronic text | ||
| 653 | _aHistorical fiction | ||
| 653 | _aEngland -- Social life and customs -- 16th century -- Fiction | ||
| 653 | _aCounter-Reformation -- England -- Fiction | ||
| 700 | 1 |
_aPetherick, Horace, _d1839-1919 |
|
| 830 | 0 |
_aProject Gutenberg _v24105 |
|
| 856 | 4 | 0 | _uhttp://www.gutenberg.org/ebooks/24105 |
| 942 | _cEB | ||
| 999 |
_c253360 _d253360 |
||